000 01139cab a2200265 4500
001 ABS59880
008 090401t1999 xxu||||| |||| 00| 0 eng d
035 _a(Sirsi) u90698
041 _aeng
100 _aAtkinson, D.
245 2 _aA clause for thought
260 _c1999
350 _a0
490 _aConstruction News
_v(6598) 14 January 1999, 19(1)
520 _aDiscusses changes in contractual arrangements brought about by the Construction Act 1996 and the Engineering Construction Contract forms of contract. Focusses particularly on adjudication and the increasing trend for employers to adopt terms requiring early notice of claims in construction contracts.
650 _aMANAGEMENT-DISPUTE AVOIDANCE, MANAGEMENT AND RESOLUTION-DISPUTE MANAGEMENT AND RESOLUTION-ALTERNATIVE DISPUTE RESOLUTION-ADJUDICATION
650 _aHOUSING GRANTS, CONSTRUCTION AND REGENERATION ACT 1996
650 _aCONTRACT CLAIMS
650 _aECC
650 _aENGINEERING CONSTRUCTION CONTRACT FORMS
650 _aONEROUS CONTRACT TERMS
690 _aBUILT ENVIRONMENT-BUILDING CONTRACT FORMS
942 _n0
948 _c14/01/1999
999 _c57515
_d57515